Bhagavad- gita (Record no. 24897)

MARC details
000 -LEADER
fixed length control field 00318nam a22001457a 4500
003 - CONTROL NUMBER IDENTIFIER
control field SGT
082 ## - DEWEY DECIMAL CLASSIFICATION NUMBER
Classification number 294.592.4
Item number B86B
100 ## - MAIN ENTRY--PERSONAL NAME
Personal name Bhaktivedanta, A.C.
245 ## - TITLE STATEMENT
Title Bhagavad- gita
Remainder of title as it is
250 ## - EDITION STATEMENT
Edition statement 2nd
260 ## - PUBLICATION, DISTRIBUTION, ETC. (IMPRINT)
Name of publisher, distributor, etc Bhaktivedanta Book Trust
Year of Publication 1986
300 ## - PAGE DESCRIPTION
No. of Pages 920
650 ## - SUBJECT ADDED ENTRY--TOPICAL TERM
Topical term or geographic name as entry element General
942 ## - ADDED ENTRY ELEMENTS (KOHA)
Source of classification or shelving scheme Dewey Decimal Classification
Koha item type Books
Holdings
Withdrawn status Lost status Source of classification or shelving scheme Damaged status Not for loan Home library Current library Shelving location Date acquired Vendor Name SGTU Bill Number Total Checkouts Full call number Accession No. (Barcode) Date last seen Bill Date Koha item type
    Dewey Decimal Classification   Not For Loan SGT Dental Library SGT Dental Library Reference Book 26/08/2023 Ahuja Book Co. Pvt. Ltd. SGTU 16974   294.592.4 B86B FD9298 26/08/2023 26/08/2023 Books
    Dewey Decimal Classification   Not For Loan SGT Dental Library SGT Dental Library Reference Book 26/08/2023 Ahuja Book Co. Pvt. Ltd. SGTU 16974   294.592.4 B86B FD9299 26/08/2023 26/08/2023 Books
    Dewey Decimal Classification   Not For Loan SGT Dental Library SGT Dental Library Reference Book 26/08/2023 Ahuja Book Co. Pvt. Ltd. SGTU 16974   294.592.4 B86B FD9300 26/08/2023 26/08/2023 Books